Statistics for Deadliest Disasters in Australian History

Click here to take the quiz!

General Stats

  • This quiz has been taken 19 times
  • The average score is 5 of 20

Answer Stats

DateTypeDeath TollAnswer% Correct
1918-20Pandemic12,0001918 flu pandemic
100%
2020-2023Pandemic19,250COVID-19
100%
1789Epidemic750+Smallpox
44%
1946-55Epidemic1,000Polio
39%
1900-25Epidemic535Bubonic plague
28%
1942Air Raids243First Darwin Bombings
28%
1938-39Heat Wave4381938-1939 heatwave
22%
1944Prison Break235Cowra breakout
22%
2009Heatwave3742009 heatwave
17%
1867Epidemic748Measles
17%
1891-1910Epidemic2,000Typhoid
11%
1895-96Heat Wave4371895-1896 heatwave
6%
1907-08Heat Wave2461907-1908 heatwave
6%
1899Cyclone410Cyclone Mahina
6%
1875-76Epidemic8,000Scarlet fever
6%
1845Shipwreck406Sinking of the Cataraqui
6%
1712Shipwreck286Sinking of the Zuytdorp
6%
1951Volcanic eruption3,000Eruption of Mount Lamington
0%
1840-50Massacre300+Gippsland massacres
0%
1943Shipwreck268Sinking of AHS Centaur
0%

Score Distribution

Percentile by Number Answered

Percent of People with Each Score

Your Score History

You have not taken this quiz